000
00342 a2200097 4500
020
_a
9789352823321
100
_a
V Mandusoodanan Nair, ed.
245
_a
Oruvattamkoodi ente paadapusthakangal (3 volume set)(ഒരു വട്ടം കൂടി എൻെറ പാഠപുസ്തകങ്ങൾ)
260
_b
D C books
_c
2024
942
_c
OO
999
_c
115320
_d
115319